| 000 | 00400pam a2200157a 44500 | ||
|---|---|---|---|
| 008 | 230515b1988 xxu||||| |||| 00| 0 eng d | ||
| 020 | _aNULL | ||
| 041 | _aENGLISH | ||
| 082 | _a630 | ||
| 100 | _a875-1975 | ||
| 245 | _aCODE OF PRACTICE FOR DESIGN LOADS (OTHER THAN EARTHQUAKE) FOR BUILDINGS & STRUCTURES PART- 5 | ||
| 250 | _a0 | ||
| 260 |
_aDELHI _bISI _c1988 |
||
| 300 | _a15 | ||
| 650 | _aNULL | ||
| 999 |
_c652256 _d652256 |
||